01283cam a22003974i 4500003000900000005001700009008004100026035001900067040003300086082001800119100003200137245007100169264004000240300002800280336002100308337002500329338002300354505032400377526001000701526001000711526000900721526000900730526000900739526000900748526000900757526000900766526000800775526000800783526000800791526000800799526000800807526000800815526000800823526000800831650004600839PE-LiUPU20250731180124.0150623s r 000 0 d a(Sirsi) a27987 aPE-LiUPUbspacPE-LiUPUerda04a511bCh852211 aChu Manrique, Juan,eautor.10aAritmética :bCurso teórico y práctico /cJuan Chu Manrique. 1aLima :bEditorial "Ingreso",c1976. a367 páginas ;c20 cm. atext2rdacontent aunmediated2rdamedia avolume2rdacarrier0 aTeoría de conjuntos. Numeración. Relaciones de igualdad y desigualdad. Las cuatro operaciones fundamentales. Teoría de la divisibilidad y temas afines (Números primos, MCD y MCM). Teoría de las fracciones. Radicaciones. Radicación. Razones y Proporciones. Regla de tres simple y compuesta. Tanto por ciento. aSEG44 aSEG26 aP159 aP155 aP154 aP153 aP150 aP100 aP31 aP30 aP26 aP25 aP24 aP22 aP15 aP1014aAritméticaxProblemas, ejercicios, etc.